[Event "SVK-chT2D 1617"]
[Site "Slovakia"]
[Date "2017.02.12"]
[Round "9.7"]
[White "Matirko, Ervin"]
[Black "Dziak, Miroslav"]
[Result "1-0"]
[WhiteElo "1770"]
[BlackElo "1800"]
[PlyCount "63"]
[EventDate "2016.10.08"]
[EventType "team-tourn"]
[EventRounds "11"]
[EventCountry "SVK"]
[SourceTitle "EXT 2018"]
[Source "ChessBase"]
[SourceDate "2017.10.13"]
[SourceVersion "1"]
[SourceVersionDate "2017.10.13"]
[SourceQuality "1"]
[WhiteTeam "Kosice Dynamo"]
[BlackTeam "Poprad LS VD"]
[WhiteTeamCountry "SVK"]
[BlackTeamCountry "SVK"]

1. d4 Nf6 2. c4 e6 3. Nc3 Bb4 4. e3 b6 5. Bd3 0-0 6. Nf3 Bb7 7. 0-0 Bxc3 8. bxc3 d6 9. Qe2 Nbd7 10. e4 e5 11. Bg5 Re8 12. Nd2 h6 13. Bh4 g5 14. Bg3 Nf8 15. dxe5 dxe5 16. c5 Ng6 17. Bb5 c6 18. Bc4 b5 19. Bb3 Qe7 20. Qe3 Rad8 21. f3 Bc8 22. Rfd1 Be6 23. c4 a5 24. cxb5 cxb5 25. Rac1 Bxb3 26. Qxb3 Qb7 27. Nc4 a4 28. Qb4 Qc6 29. Nd6 Re7 30. Qxb5 Rxd6 31. Qb8+ Ne8 32. cxd6 1-0

[Event "Tatry op"]
[Site "Tatranske Zruby"]
[Date "2012.09.23"]
[Round "1"]
[White "Dziak, Miroslav"]
[Black "Bracok, Stefan"]
[Result "1/2-1/2"]
[WhiteElo "1838"]
[BlackElo "1695"]
[PlyCount "57"]
[EventDate "2012.09.23"]
[EventType "swiss"]
[EventRounds "9"]
[EventCountry "SVK"]
[SourceTitle "EXT 2023"]
[Source "ChessBase"]
[SourceDate "2022.10.05"]
[SourceVersion "1"]
[SourceVersionDate "2022.10.05"]
[SourceQuality "1"]

1. e4 e5 2. Nf3 Nc6 3. Bc4 Bc5 4. c3 Nf6 5. 0-0 d6 6. d3 h6 7. Qe2 0-0 8. h3 a6 9. Nbd2 Ba7 10. Re1 Na5 11. b4 Nxc4 12. Nxc4 Be6 13. d4 Bxc4 14. Qxc4 Nxe4 15. Nxe5 Nxf2 16. Nf3 d5 17. Qf1 Ne4 18. Bb2 c6 19. Qd3 Bb8 20. Re2 Bg3 21. Rf1 Qc7 22. Bc1 Rae8 23. Bd2 Re6 24. Be1 Rfe8 25. Bxg3 Nxg3 26. Rxe6 fxe6 27. Ne5 Ne4 28. Rf7 Re7 29. Rf1 1/2-1/2